[Event "Bergamo op 16th"]
[Site "Bergamo"]
[Date "2017.07.14"]
[Round "1"]
[White "Brunello, Sabino"]
[Black "Piccirillo, Edoardo"]
[Result "1-0"]
[WhiteElo "2572"]
[BlackElo "2095"]
[PlyCount "73"]
[EventDate "2017.07.14"]
[EventType "swiss"]
[EventRounds "9"]
[EventCountry "ITA"]
[SourceTitle "EXT 2018"]
[Source "ChessBase"]
[SourceDate "2017.10.13"]
[SourceVersion "1"]
[SourceVersionDate "2017.10.13"]
[SourceQuality "1"]

1. d4 d5 2. c4 e6 3. Nc3 c6 4. e3 Bd6 5. Qc2 f5 6. Bd3 Nh6 7. Nge2 0-0 8. Bd2 a5 9. h3 Na6 10. a3 Kh8 11. c5 Be7 12. Na4 Nb8 13. 0-0-0 Nd7 14. f4 Qc7 15. g4 b5 16. cxb6 Nxb6 17. Nc5 Qd6 18. Kb1 Nd7 19. Rc1 Nb8 20. Ng1 Na6 21. Nf3 Nxc5 22. dxc5 Qc7 23. Bc3 Kg8 24. Rcg1 g6 25. g5 Nf7 26. Bd4 e5 27. Nxe5 Nxe5 28. Bxe5 Qa7 29. Bd4 Rf7 30. h4 Bf8 31. h5 Bg7 32. Qh2 Ba6 33. Bxa6 Qxa6 34. hxg6 Qd3+ 35. Ka1 hxg6 36. Qh8+ Bxh8 37. Rxh8# 1-0

[Event "Crema op-A 17th"]
[Site "Crema"]
[Date "2016.09.03"]
[Round "1"]
[White "Piccirillo, Edoardo"]
[Black "Nordio, Giorgio"]
[Result "1-0"]
[WhiteElo "2078"]
[BlackElo "1923"]
[PlyCount "49"]
[EventDate "2016.09.02"]
[EventType "swiss"]
[EventRounds "6"]
[EventCountry "ITA"]
[SourceTitle "EXT 2018"]
[Source "ChessBase"]
[SourceDate "2017.10.13"]
[SourceVersion "1"]
[SourceVersionDate "2017.10.13"]
[SourceQuality "1"]

1. e4 c6 2. Nc3 d5 3. Nf3 Bg4 4. h3 Bxf3 5. Qxf3 e6 6. d3 Nd7 7. Bd2 Bd6 8. g3 Ne7 9. Bg2 Qb6 10. Rb1 0-0-0 11. b4 d4 12. Nd1 Rhf8 13. Qe2 Qa6 14. 0-0 Qxa2 15. Rb2 Qa6 16. c4 dxc3 17. Nxc3 Be5 18. b5 cxb5 19. Ra2 Qb6 20. Be3 Bd4 21. Bxd4 Qxd4 22. Nxb5 Qe5 23. d4 Qg5 24. h4 Qh6 25. Qc2+ 1-0

[Event "ITA-ch U20"]
[Site "Bratto"]
[Date "2008.08.30"]
[Round "9"]
[White "Piccirillo, Edoardo"]
[Black "Delledonne, Francesco"]
[Result "1/2-1/2"]
[WhiteElo "2111"]
[BlackElo "1943"]
[PlyCount "66"]
[EventDate "2008.08.22"]
[EventType "swiss"]
[EventRounds "9"]
[EventCountry "ITA"]
[SourceTitle "CBM 126 Extra"]
[Source "ChessBase"]
[SourceDate "2008.11.05"]
[SourceVersion "1"]
[SourceVersionDate "2008.11.05"]
[SourceQuality "1"]

1. d4 d5 2. Nf3 Nf6 3. Bf4 Bf5 4. e3 e6 5. Bd3 Bxd3 6. cxd3 c5 7. dxc5 Bxc5 8. 0-0 0-0 9. Nc3 Nc6 10. d4 Be7 11. h3 Rc8 12. Rc1 Qa5 13. a3 Nd7 14. Qb3 Qb6 15. Qxb6 Nxb6 16. Nd2 Rfd8 17. Nb5 a6 18. Bc7 axb5 19. Bxb6 Rd7 20. b4 Ra8 21. Nb1 Ra6 22. Bc5 Bxc5 23. Rxc5 Na7 24. Rfc1 Kf8 25. Kf1 Ke7 26. Ke2 Kd6 27. Kd3 Rc6 28. Kc3 Rdc7 29. Kb3 b6 30. Rxc6+ Rxc6 31. Rxc6+ Kxc6 32. Nc3 Nc8 33. Ne2 Nd6 1/2-1/2

[Event "ITA-ch U20"]
[Site "Bratto"]
[Date "2005.08.28"]
[Round "9"]
[White "Piccirillo, Edoardo"]
[Black "Trazzi, Enrico"]
[Result "1/2-1/2"]
[WhiteElo "1653"]
[BlackElo "1670"]
[PlyCount "28"]
[EventDate "2005.08.20"]
[EventType "swiss"]
[EventRounds "9"]
[EventCountry "ITA"]
[SourceTitle "EXT 2006"]
[Source "ChessBase"]
[SourceDate "2005.11.24"]
[SourceVersion "1"]
[SourceVersionDate "2005.11.24"]
[SourceQuality "1"]

1. d4 d6 2. c4 g6 3. e4 Bg7 4. Nc3 Nd7 5. f3 e5 6. d5 f5 7. Bd3 Ne7 8. Bg5 Nc5 9. Bc2 a5 10. Qd2 0-0 11. Nge2 Bd7 12. Bh6 Qe8 13. Bxg7 Kxg7 14. h4 h6 1/2-1/2

[Event "ITA-ch U20"]
[Site "Bratto"]
[Date "2005.08.24"]
[Round "5"]
[White "Piccirillo, Edoardo"]
[Black "Fratino, Lorenzo"]
[Result "0-1"]
[WhiteElo "1653"]
[BlackElo "1905"]
[PlyCount "132"]
[EventDate "2005.08.20"]
[EventType "swiss"]
[EventRounds "9"]
[EventCountry "ITA"]
[SourceTitle "EXT 2006"]
[Source "ChessBase"]
[SourceDate "2005.11.24"]
[SourceVersion "1"]
[SourceVersionDate "2005.11.24"]
[SourceQuality "1"]

1. d4 d5 2. c4 c6 3. Nc3 Nf6 4. Nf3 a6 5. c5 Nbd7 6. Bf4 g6 7. Qd2 Bg7 8. Bh6 0-0 9. Bxg7 Kxg7 10. h4 Qc7 11. h5 gxh5 12. g4 Nxg4 13. Rxh5 Ndf6 14. Qg5+ Kh8 15. Rh1 Rg8 16. Qh4 Bf5 17. Ng5 Rg7 18. f3 Ne3 19. Kf2 Nfg4+ 20. fxg4 Qf4+ 21. Nf3 Rxg4 22. Qxe7 Nc2 23. Qe5+ Qxe5 24. Nxe5 Nxa1 25. Nxg4 Bxg4 26. Bh3 Bxh3 27. Rxh3 Nc2 28. Rd3 Nb4 29. Rf3 Kg7 30. a3 Nc2 31. Rd3 a5 32. Na4 Re8 33. e3 Re4 34. Rc3 Nxd4 35. exd4 Rxd4 36. b3 h5 37. Rg3+ Kh6 38. Nb6 f5 39. Nd7 f4 40. Rg2 Rd3 41. Nf6 Rd2+ 42. Kf1 Rxg2 43. Kxg2 Kg5 44. Nh7+ Kg4 45. Nf6+ Kf5 46. Nxh5 Ke4 47. Kf2 d4 48. Ke2 f3+ 49. Kd2 Kd5 50. Nf4+ Kxc5 51. Nd3+ Kd5 52. Ke1 c5 53. Kd2 c4 54. bxc4+ Kxc4 55. Ne5+ Kb3 56. Nxf3 Kxa3 57. Nxd4 Kb2 58. Kd3 a4 59. Nb5 a3 60. Nc3 b5 61. Kd2 a2 62. Nxa2 Kxa2 63. Kc3 Ka3 64. Kc2 b4 65. Kb1 Kb3 66. Ka1 Kc2 0-1